000 01145nam a22002417a 4500
001 9561
003 FISKH
005 20260123141126.0
008 260123b cb ||||| |||| 00| 0 eng d
020 _a9781841495491
040 _aFISKH
_beng
_cFISKH
_dFISKH
050 _aPS3552 .R6596 .E5
082 _a813.087661
100 _aBrooks , Terry
245 _aThe elfstones of Shannara :
_bBook two of the Sharnnara Trilogy /
_cBy Terry Brooks
260 _aLondon :
_bOrbit ,
_c1982.
300 _a614 pages :
_billustrations ;
_c20 cm .
490 _aThe Original Shannara Trilogy
_vBook 2
520 _aThousands of years after the destruction of the age of man an d science, new races and magic now rule the world, but an imminent danger threatens. A horde of evil Demons is beginning to escape and bring death upon the land. Only Wil Ohmsford, the last of the Shannara bloodline, has the power to guard the Elven Princess Amberle on a perilous quest to the save the world, while the leader of the Demon force aims to stop their mission at any cost.
650 _aSword and sorcery
_vFiction
942 _2ddc
_cBK
_n0
999 _c9561
_d9561